Nā Badari yātra. (Record no. 59672)

MARC details
000 -LEADER
fixed length control field 00675cam a22002531 4500
001 - CONTROL NUMBER
control field sa 64006402
003 - CONTROL NUMBER IDENTIFIER
control field DLC
005 - DATE AND TIME OF LATEST TRANSACTION
control field 20260227112039.0
008 - FIXED-LENGTH DATA ELEMENTS--GENERAL INFORMATION
fixed length control field 940927s1961 ii ac 000 0 telo
010 ## - LIBRARY OF CONGRESS CONTROL NUMBER
LC control number sa 64006402
025 ## - OVERSEAS ACQUISITION NUMBER
Overseas acquisition number PL480:I-Te-537
035 ## - SYSTEM CONTROL NUMBER
System control number (OCoLC)31187233
040 ## - CATALOGING SOURCE
Original cataloging agency DLC
Transcribing agency CU
Modifying agency CU
-- DLC
042 ## - AUTHENTICATION CODE
Authentication code premarc
050 00 - LIBRARY OF CONGRESS CALL NUMBER
Classification number DS486.B25
Item number V4
100 1# - MAIN ENTRY--PERSONAL NAME
Personal name Vēṅkaṭasubbayya, Śiṣṭa.
245 10 - TITLE STATEMENT
Title Nā Badari yātra.
260 ## - PUBLICATION, DISTRIBUTION, ETC.
Date of publication, distribution, etc. 1961.
300 ## - PHYSICAL DESCRIPTION
Extent 2, 99 p.
Other physical details ill., port.
Dimensions 19 cm.
500 ## - GENERAL NOTE
General note In Telugu.
651 #0 - SUBJECT ADDED ENTRY--GEOGRAPHIC NAME
Geographic name Badarīnāth (India).
610 20 - SUBJECT ADDED ENTRY--CORPORATE NAME
Corporate name or jurisdiction name as entry element Indian National Congress.
740 0# - ADDED ENTRY--UNCONTROLLED RELATED/ANALYTICAL TITLE
Uncontrolled related/analytical title Jātīya Mahā Sabhā Saṅgraha caritra.

No items available.

Powered by Koha